Fechamiento Arqueoastronómico en el altiplano de México /

שמור ב:
מידע ביבליוגרפי
מחבר ראשי: Ponce de León H., Arturo (autor)
מחבר תאגידי: Congreso Internacional de Americanistas
פורמט: Procedimiento de la conferencia ספר
שפה:ספרדית
יצא לאור: México : Dirección General de Planificación, 1982
תגים: הוספת תג
אין תגיות, היה/י הראשונ/ה לתייג את הרשומה!

MARC

LEADER 00000nam^a2200000^a^4500
001 000454687
005 20250526000000.0
009 20260310123935.317
037 |a Acervo ITESO - Biblioteca 
041 |a ESP 
091 |a FHA. 00189 
100 |a Ponce de León H., Arturo  |e (autor) 
245 1 0 |a Fechamiento Arqueoastronómico en el altiplano de México / 
264 1 |a México :  |b Dirección General de Planificación,  |c 1982 
300 |a 73 p. ;  |c 23.5 cm. 
336 |a texto  |b txt  |2 rdacontenido 
337 |a sin mediación  |b n  |2 rdamedio 
338 |a volumen  |b nc  |2 rdasoporte 
515 |a Inventario familia Hartung: 309 
649 |a XX 
711 |a Congreso Internacional de Americanistas (  |n 44° :  |d 1982 :  |c Manchester, Inglaterra) 
910 |a Fondo Horst Hartung Franz 
920 |a Impresos - Libros 
930 |a Libros Antiguos y Raros 
905 |a 135 
901 |a 0500331732  |b IT2  |c LRA  |i D  |u 20250526 
902 |a https://opac.biblio.iteso.mx/vufind/Record/000454687